000 00518nam a22001697a 4500
005 20251108170600.0
008 250721s2001 xx 000 0 ara d
082 1 4 _a214.5/بنه
100 1 _aالبنهاني، يوسف بن إسماعيل
245 1 0 _aعلامات يوم القيامة الصغرى و الكبرى /
264 1 _aدمشق :
_bمكتبة إبن القيم،
_c2001.
300 _a108ص
650 1 7 _aيوم القيامة
650 1 7 _aالعلامات
942 _2ddc
_cBK
999 _c44070
_d44070